[Event "Sunway Sitges op"]
[Site "Sitges ESP"]
[Date "2023.12.21"]
[Round "9.12"]
[White "Peralta, Fernando"]
[Black "Golubka, Petro"]
[Result "1/2-1/2"]
[WhiteElo "2581"]
[BlackElo "2440"]
[WhiteFideId "-1"]
[BlackFideId "-1"]
[PlyCount "132"]
[GameId "2129404702284120"]
[EventDate "2023.12.12"]
[EventType "swiss"]
[EventRounds "10"]
[EventCountry "ESP"]
[SourceTitle "10 Days #745"]
[Source "ChessMix"]
[SourceDate "2024.01.01"]
[SourceVersion "1"]
[SourceVersionDate "2024.01.01"]
[SourceQuality "1"]

1. d4 {[%emt 0:23:22]} d5 {[%emt 0:01:15]} 2. c4 {[%emt 0:00:28]} e6 3. Nc3 {[%emt 0:00:54]} Nf6 {[%emt 0:00:31]} 4. cxd5 {[%emt 0:00:15]} exd5 {[%emt 0:00:07]} 5. Bg5 {[%emt 0:00:12]} Bb4 {[%emt 0:00:57]} 6. Nf3 {[%emt 0:01:38]} h6 {[%emt 0:00:28]} 7. Bh4 {[%emt 0:00:02]} O-O {[%emt 0:01:20]} 8. e3 {[%emt 0:00:11]} Bf5 {[%emt 0:00:18]} 9. Qb3 {[%emt 0:00:37]} Bxc3+ {[%emt 0:00:05]} 10. Qxc3 {[%emt 0:00:07]} g5 {[%emt 0:00:31]} 11. Bg3 {[%emt 0:00:06]} Ne4 {[%emt 0:00:40]} 12. Qa3 {[%emt 0:00:40]} h5 {[%emt 0:16:09]} 13. h3 {[%emt 0:01:06]} Nxg3 {[%emt 0:01:04]} 14. fxg3 {[%emt 0:00:45]} Re8 {[%emt 0:10:41]} 15. Be2 {[%emt 0:08:09]} Nd7 {[%emt 0:00:25]} 16. O-O {[%emt 0:00:23]} Bg6 {[%emt 0:20:43]} 17. Rae1 {[%emt 0:03:36]} c6 {[%emt 0:04:12]} 18. Bd3 {[%emt 0:16:11]} Kg7 {[%emt 0:09:30]} 19. h4 {[%emt 0:00:07]} gxh4 {[%emt 0:10:04]} 20. Nxh4 {[%emt 0:04:05]} Qe7 {[%emt 0:04:22]} 21. Rxf7+ {[%emt 0:02:30]} Kxf7 {[%emt 0:00:06]} 22. Bxg6+ {[%emt 0:00:08]} Kg8 {[%emt 0:00:47]} 23. Qd3 {[%emt 0:00:54]} Qg5 {[%emt 0:08:47]} 24. Bxe8 {[%emt 0:02:39]} Rxe8 {[%emt 0:00:05]} 25. e4 {[%emt 0:11:12]} Nf6 {[%emt 0:00:01]} 26. e5 {[%emt 0:00:10]} Ne4 {[%emt 0:03:18]} 27. Kh2 {[%emt 0:00:01]} Rf8 {[%emt 0:01:13]} 28. Rxe4 {[%emt 0:00:10]} dxe4 {[%emt 0:00:46]} 29. Qxe4 {[%emt 0:00:40]} Qg4 {[%emt 0:02:07]} 30. Qe3 {[%emt 0:00:44]} Rf7 {[%emt 0:05:22]} 31. Qd3 {[%emt 0:03:52]} Qe6 {[%emt 0:00:02]} 32. Qe3 {[%emt 0:01:12]} Qg4 {[%emt 0:00:04]} 33. Qd3 {[%emt 0:00:02]} Qe6 {[%emt 0:00:45]} 34. a3 {[%emt 0:01:08]} a6 {[%emt 0:00:56]} 35. Qe3 {[%emt 0:01:07]} Qg4 {[%emt 0:00:11]} 36. Qd3 {[%emt 0:00:07]} Qe6 {[%emt 0:00:05]} 37. b4 {[%emt 0:06:41]} Qg4 {[%emt 0:00:44]} 38. d5 {[%emt 0:01:18]} cxd5 {[%emt 0:00:06]} 39. Qxd5 {[%emt 0:00:06]} Qd7 {[%emt 0:01:06]} 40. Qb3 {[%emt 0:03:04]} Qg4 {[%emt 0:10:03]} 41. Qd5 {[%emt 0:06:28]} Qd7 {[%emt 0:03:25]} 42. Qb3 {[%emt 0:00:10]} Qg4 {[%emt 0:00:06]} 43. Nf3 {[%emt 0:03:38]} Kf8 {[%emt 0:01:09]} 44. Qe3 {[%emt 0:02:31]} Rg7 {[%emt 0:02:24]} 45. Nh4 {[%emt 0:01:50]} Ke8 {[%emt 0:04:18]} 46. Qd3 {[%emt 0:01:50]} Rg5 {[%emt 0:02:14]} 47. Qc3 {[%emt 0:00:53]} Rg8 {[%emt 0:01:17]} 48. a4 {[%emt 0:00:17]} Rg5 {[%emt 0:00:38]} 49. b5 {[%emt 0:02:16]} axb5 50. axb5 {[%emt 0:00:12]} Rg8 {[%emt 0:02:04]} 51. b6 {[%emt 0:01:10]} Rg5 {[%emt 0:02:16]} 52. Qe3 {[%emt 0:04:30]} Kf7 {[%emt 0:01:37]} 53. Qf2+ {[%emt 0:00:04]} Ke8 {[%emt 0:02:24]} 54. Nf3 {[%emt 0:00:37]} Rg6 {[%emt 0:00:37]} 55. Nh4 {[%emt 0:00:47]} Rg5 {[%emt 0:00:25]} 56. Qe3 {[%emt 0:00:35]} Kf7 {[%emt 0:00:19]} 57. Qb3+ {[%emt 0:01:03]} Ke7 {[%emt 0:00:30]} 58. Qa3+ {[%emt 0:00:25]} Kf7 {[%emt 0:00:32]} 59. Qe3 {[%emt 0:01:48]} Ke6 {[%emt 0:02:32]} 60. Qb3+ {[%emt 0:01:16]} Ke7 {[%emt 0:00:15]} 61. Qd3 {[%emt 0:01:39]} Ke8 {[%emt 0:01:48]} 62. Qb5+ {[%emt 0:00:35]} Qd7 {[%emt 0:01:22]} 63. Qc4 {[%emt 0:00:29]} Qg4 {[%emt 0:00:30]} 64. Qb5+ {[%emt 0:00:13]} Qd7 {[%emt 0:00:55]} 65. Qb3 Qg4 {[%emt 0:00:26]} 66. Qe3 {[%emt 0:01:51]} Kf7 {[%emt 0:01:03]} 1/2-1/2

[Event "Sunway Sitges op"]
[Site "Sitges ESP"]
[Date "2023.12.22"]
[Round "10.16"]
[White "Golubka, Petro"]
[Black "Henriquez Villagra, Cristobal"]
[Result "1/2-1/2"]
[WhiteElo "2440"]
[BlackElo "2607"]
[WhiteFideId "-1"]
[BlackFideId "-1"]
[PlyCount "75"]
[GameId "2129404702284167"]
[EventDate "2023.12.12"]
[EventType "swiss"]
[EventRounds "10"]
[EventCountry "ESP"]
[SourceTitle "10 Days #745"]
[Source "ChessMix"]
[SourceDate "2024.01.01"]
[SourceVersion "1"]
[SourceVersionDate "2024.01.01"]
[SourceQuality "1"]
[TimeControl "90/40+30:0"]
[WhiteClock "0:15:26"]
[BlackClock "0:16:38"]

{[%evp 0,75,28,28,67,73,77,77,82,62,62,50,61,20,29,27,38,29,52,31,28,9,68,67,54,56,71,66,59,45,47,31,51,44,85,64,75,39,37,34,72,74,73,63,69,72,73,68,65,79,84,77,55,69,42,56,32,24,26,5,0,17,14,0,0,0,0,0,0,0,0,0,0,0,0,0,0,0]} 1. e4 {[%emt 0:00:00]} c6 {[%emt 0:00:00]} 2. d4 {[%emt 0:00:00]} d5 {[%emt 0:00:00]} 3. e5 {[%emt 0:00:00]} c5 {[%emt 0:00:00]} 4. Nf3 {[%emt 0:00:00]} cxd4 {[%emt 0:00:00]} 5. Nxd4 {[%emt 0:00:00]} Nc6 {[%emt 0:00:00]} 6. Nxc6 {[%emt 0:00:00]} bxc6 {[%emt 0:00:00]} 7. Bd3 {[%emt 0:00:00]} e6 {[%emt 0:00:00]} 8. O-O {[%emt 0:00:00]} a5 {[%emt 0:00:00]} 9. Be3 {[%emt 0:00:00]} Ne7 {[%emt 0:00:00]} 10. f4 {[%emt 0:00:00]} a4 {[%emt 0:00:00]} 11. Nd2 {[%emt 0:00:00]} Nf5 {[%emt 0:00:00]} 12. Bf2 {[%emt 0:00:00]} a3 {[%emt 0:00:00]} 13. b3 {[%emt 0:00:00]} Ba6 {[%emt 0:00:00]} 14. Qe2 {[%emt 0:00:00]} Bxd3 {[%emt 0:00:00]} 15. cxd3 {[%emt 0:00:00]} h5 {[%emt 0:00:00]} 16. Rac1 {[%emt 0:00:00]} Kd7 {[%emt 0:00:00]} 17. Ne4 {[%emt 0:00:00]} Be7 {[%emt 0:00:00]} 18. Ng3 {[%emt 0:00:00]} Nxg3 {[%emt 0:00:00]} 19. hxg3 {[%emt 0:00:00]} Ra5 {[%emt 0:00:00]} 20. Rc2 {[%emt 0:00:00]} g6 {[%emt 0:00:00]} 21. Rfc1 {[%emt 0:00:00]} Qa8 {[%emt 0:00:00]} 22. Rxc6 {[%emt 0:00:00]} Qxc6 {[%emt 0:00:00]} 23. Rxc6 {[%emt 0:00:00]} Kxc6 {[%emt 0:00:00]} 24. Qc2+ {[%emt 0:00:00]} Kb7 {[%emt 0:00:00]} 25. b4 {[%emt 0:00:00]} Raa8 {[%emt 0:00:00]} 26. Bc5 {[%emt 0:00:00]} Bxc5+ {[%emt 0:00:00]} 27. Qxc5 {[%emt 0:00:00]} Rhc8 {[%emt 0:00:00]} 28. Qb5+ {[%emt 0:00:00]} Kc7 {[%emt 0:00:00]} 29. g4 {[%emt 0:00:00]} hxg4 {[%emt 0:00:00]} 30. Kh2 {[%emt 0:00:00]} Kd8 {[%emt 0:00:00]} 31. Kg3 {[%emt 0:00:00]} Ke7 {[%emt 0:00:00]} 32. Kxg4 {[%emt 0:00:00]} Kf8 {[%emt 0:00:00]} 33. Qb7 {[%emt 0:00:00]} Rab8 {[%emt 0:00:00]} 34. Qa7 {[%emt 0:00:00]} Rxb4 {[%emt 0:00:00]} 35. Qxa3 {[%emt 0:00:00]} Rcb8 {[%emt 0:00:00]} 36. Kg5 {[%emt 0:01:42]} Kg7 {[%emt 0:01:08]} 37. g4 {[%emt 0:01:39]} Rb2 {[%emt 0:01:24]} 38. Qa7 {[%emt 0:00:53]} 1/2-1/2

[Event "Elllobregat op"]
[Site "Sant Boi ESP"]
[Date "2023.11.30"]
[Round "1.76"]
[White "Golubka, Petro"]
[Black "Valle Luis, Leo"]
[Result "1-0"]
[WhiteElo "2440"]
[BlackElo "2214"]
[WhiteFideId "-1"]
[BlackFideId "-1"]
[PlyCount "89"]
[GameId "2130307550594365"]
[EventDate "2023.11.30"]
[EventType "swiss"]
[EventRounds "9"]
[EventCountry "ESP"]
[SourceTitle "The Week in Chess 1520"]
[Source "Mark Crowther"]
[SourceDate "2023.12.24"]
[SourceVersion "1"]
[SourceVersionDate "2023.12.24"]
[SourceQuality "2"]

1. e4 c6 2. d4 d5 3. f3 e6 4. Nc3 Nf6 5. e5 Nfd7 6. f4 g6 7. Nf3 c5 8. a3 a6 9. dxc5 Bxc5 10. Bd3 Qc7 11. h4 h5 12. Ng5 Nf8 13. Bd2 Nc6 14. g4 Bd7 15. Qf3 Nd4 16. Qg3 hxg4 17. Qxg4 Nb5 18. h5 Nxc3 19. Bxc3 Bc6 20. Rh3 gxh5 21. Rxh5 Rxh5 22. Qxh5 Be3 23. Bd2 Bc5 24. Bb4 Bxb4+ 25. axb4 O-O-O 26. Qxf7 Qb6 27. O-O-O Qxb4 28. Nxe6 Nxe6 29. Qxe6+ Bd7 30. Qh6 Qf8 31. Qxf8 Rxf8 32. f5 Kd8 33. e6 Bc6 34. Kd2 Ke7 35. Rg1 Rh8 36. Rg7+ Kd6 37. b4 d4 38. Rf7 Rh6 39. Rf8 Rh2+ 40. Kc1 Rh1+ 41. Kb2 Re1 42. Bc4 b5 43. Bb3 Rf1 44. f6 Bd5 45. Bxd5 1-0

[Event "Elllobregat op"]
[Site "Sant Boi ESP"]
[Date "2023.12.02"]
[Round "3.57"]
[White "Golubka, Petro"]
[Black "Pomes Marcet, J."]
[Result "1-0"]
[WhiteElo "2440"]
[BlackElo "2221"]
[WhiteFideId "-1"]
[BlackFideId "-1"]
[PlyCount "109"]
[GameId "2130307550594444"]
[EventDate "2023.11.30"]
[EventType "swiss"]
[EventRounds "9"]
[EventCountry "ESP"]
[SourceTitle "The Week in Chess 1520"]
[Source "Mark Crowther"]
[SourceDate "2023.12.24"]
[SourceVersion "1"]
[SourceVersionDate "2023.12.24"]
[SourceQuality "2"]

1. e4 e6 2. d4 d5 3. e5 c5 4. c3 Nc6 5. Nf3 Nge7 6. Be2 Bd7 7. O-O Nf5 8. dxc5 Bxc5 9. Bd3 Nh4 10. Nbd2 Ng6 11. Nb3 Be7 12. Re1 Qc7 13. Bxg6 fxg6 14. Bg5 O-O 15. Bxe7 Nxe7 16. Nbd4 h6 17. h4 b5 18. Qd2 Qb6 19. g3 Rf7 20. Kg2 Raf8 21. Re2 Nf5 22. Ne1 Be8 23. Nd3 Rc7 24. Nf4 Bf7 25. a4 bxa4 26. Rxa4 Rc4 27. Ra3 Ne7 28. Re1 Nf5 29. Nfe2 Rb8 30. b3 Rc7 31. Rea1 Qc5 32. Ra5 Qe7 33. Nb5 Rcb7 34. Nbd4 Qc7 35. b4 Qd7 36. Nb3 Qc6 37. Ned4 Nxd4 38. Nxd4 Qc7 39. Qe3 Qd7 40. Nb3 d4 41. Nxd4 Rc8 42. Nf3 Rcc7 43. Nd2 Rb6 44. Ne4 Be8 45. Nd6 Rxd6 46. exd6 Qxd6 47. Rxa7 Bc6+ 48. f3 Rc8 49. Qf4 Qxf4 50. gxf4 Bd5 51. R1a3 Kh7 52. Re7 Rf8 53. Raa7 Rxf4 54. Rxg7+ Kh8 55. Rge7 1-0

[Event "Elllobregat op"]
[Site "Sant Boi ESP"]
[Date "2023.12.08"]
[Round "9.58"]
[White "Golubka, Petro"]
[Black "Boraso, A."]
[Result "1/2-1/2"]
[WhiteElo "2440"]
[BlackElo "2283"]
[WhiteFideId "-1"]
[BlackFideId "-1"]
[PlyCount "79"]
[GameId "2130307550602747"]
[EventDate "2023.11.30"]
[EventType "swiss"]
[EventRounds "9"]
[EventCountry "ESP"]
[SourceTitle "The Week in Chess 1520"]
[Source "Mark Crowther"]
[SourceDate "2023.12.24"]
[SourceVersion "1"]
[SourceVersionDate "2023.12.24"]
[SourceQuality "2"]

1. e4 e6 2. d4 d5 3. e5 c5 4. c3 Nc6 5. Nf3 Bd7 6. Be2 Nge7 7. O-O Nf5 8. dxc5 a5 9. Bd3 Bxc5 10. a4 Nh4 11. Nbd2 h6 12. Qe2 O-O 13. Kh1 Nxf3 14. Nxf3 f6 15. Be3 Bxe3 16. Qxe3 fxe5 17. Nxe5 Nxe5 18. Qxe5 Qf6 19. Qe2 e5 20. f3 Bc6 21. Bc2 Rad8 22. Rae1 Rfe8 23. Qd3 Rd6 24. Kg1 Qd8 25. Qh7+ Kf7 26. Rf2 Rf6 27. Qd3 Qb6 28. Qd2 e4 29. fxe4 dxe4 30. Qe2 Re5 31. Qe3 Qxe3 32. Rxe3 Rxf2 33. Kxf2 Kf6 34. Re1 Re6 35. Ke3 Ke5 36. Rd1 Rg6 37. Rd2 Rf6 38. Rd4 Rg6 39. Rd2 Rf6 40. Rd1 1/2-1/2

[Event "Sant Boi de Llobregat op 4th"]
[Site "Sant Boi de Llobregat"]
[Date "2023.12.04"]
[Round "5"]
[White "Golubka, Petro"]
[Black "Ruiz Buendia, Miguel"]
[Result "1/2-1/2"]
[WhiteElo "2440"]
[BlackElo "2255"]
[WhiteFideId "-1"]
[BlackFideId "-1"]
[PlyCount "106"]
[GameId "1989164507631616"]
[EventDate "2023.11.30"]
[EventType "swiss"]
[EventRounds "9"]
[EventCountry "ESP"]
[SourceTitle "CBM 217 Extra"]
[Source "ChessBase"]
[SourceDate "2024.01.31"]
[SourceVersion "1"]
[SourceVersionDate "2024.01.31"]
[SourceQuality "1"]

1. e4 e5 2. Nf3 Nc6 3. d4 exd4 4. Nxd4 Nf6 5. Nxc6 bxc6 6. e5 Qe7 7. Qe2 Nd5 8. h4 Qe6 9. Nd2 a5 10. Nf3 Ba6 11. c4 Nb6 12. b3 Bb4+ 13. Bd2 O-O 14. Qe3 Bxd2+ 15. Qxd2 a4 16. Rd1 axb3 17. axb3 d5 18. cxd5 cxd5 19. Qc2 Bxf1 20. Kxf1 c6 21. Rh3 f6 22. Nd4 Qxe5 23. Qxc6 Rab8 24. Re3 Qh5 25. Qe6+ Kh8 26. Nf3 Rfe8 27. Qd6 Red8 28. Qf4 Nd7 29. g4 Qg6 30. Rxd5 Ne5 31. Rxd8+ Rxd8 32. Nxe5 fxe5 33. Qxe5 h6 34. Qe4 Qa6+ 35. Kg2 Rd1 36. h5 Qf1+ 37. Kg3 Rd8 38. Qg2 Qd1 39. Qf3 Qg1+ 40. Kh3 Kg8 41. Qg2 Qd1 42. f4 Qc1 43. Qf3 Qb1 44. f5 Rd1 45. f6 Rh1+ 46. Kg3 Qg1+ 47. Kf4 Qh2+ 48. Kf5 Qc2+ 49. Re4 Qc5+ 50. Re5 Qc2+ 51. Kf4 Qh2+ 52. Kf5 Qc2+ 53. Kf4 Qh2+ 1/2-1/2

[Event "Sant Boi de Llobregat op 4th"]
[Site "Sant Boi de Llobregat"]
[Date "2023.12.05"]
[Round "6"]
[White "Gombocz, Ferenc jr"]
[Black "Golubka, Petro"]
[Result "1/2-1/2"]
[WhiteElo "2330"]
[BlackElo "2440"]
[WhiteFideId "-1"]
[BlackFideId "-1"]
[PlyCount "119"]
[GameId "1989164507844608"]
[EventDate "2023.11.30"]
[EventType "swiss"]
[EventRounds "9"]
[EventCountry "ESP"]
[SourceTitle "CBM 217 Extra"]
[Source "ChessBase"]
[SourceDate "2024.01.31"]
[SourceVersion "1"]
[SourceVersionDate "2024.01.31"]
[SourceQuality "1"]

1. d4 d5 2. Nf3 Nf6 3. Bf4 e6 4. e3 Bd6 5. Ne5 Nfd7 6. Qg4 Kf8 7. Nxd7+ Nxd7 8. Bxd6+ cxd6 9. c3 Nf6 10. Qd1 g5 11. h4 g4 12. g3 Bd7 13. Nd2 b5 14. Bg2 Bc6 15. O-O a5 16. Re1 Qd7 17. e4 dxe4 18. Nxe4 Bxe4 19. Bxe4 Rc8 20. Qd2 h6 21. a4 Kg7 22. Bd3 bxa4 23. Qd1 Rb8 24. Re2 Rb3 25. Bc4 Rb6 26. Qxa4 Qxa4 27. Rxa4 Rhb8 28. Ra2 d5 29. Bd3 a4 30. Kf1 Nh5 31. Ke1 f5 32. Rxa4 Kf6 33. b4 f4 34. Re5 fxg3 35. fxg3 Nxg3 36. Kf2 Nf5 37. Bxf5 exf5 38. Kg3 Rc8 39. Kf4 Rxc3 40. Rxf5+ Ke6 41. Re5+ Kf6 42. Kxg4 Rc4 43. Rxd5 Rcxb4 44. Raa5 Re6 45. Kh5 Re4 46. Ra6+ Re6 47. Ra7 Re7 48. Ra8 Re4 49. Rad8 Rb6 50. R5d7 Kf5 51. Rf8+ Rf6 52. Rdd8 Ree6 53. d5 Ra6 54. Rxf6+ Rxf6 55. d6 Ke6 56. Kg4 Rf7 57. Kh5 Rf6 58. Ra8 Kxd6 59. Ra6+ Ke7 60. Rxf6 1/2-1/2

[Event "Sant Boi de Llobregat op 4th"]
[Site "Sant Boi de Llobregat"]
[Date "2023.12.06"]
[Round "7"]
[White "Golubka, Petro"]
[Black "Selbes, Tarik"]
[Result "1/2-1/2"]
[WhiteElo "2440"]
[BlackElo "2238"]
[WhiteFideId "-1"]
[BlackFideId "-1"]
[PlyCount "146"]
[GameId "1989164508069888"]
[EventDate "2023.11.30"]
[EventType "swiss"]
[EventRounds "9"]
[EventCountry "ESP"]
[SourceTitle "CBM 217 Extra"]
[Source "ChessBase"]
[SourceDate "2024.01.31"]
[SourceVersion "1"]
[SourceVersionDate "2024.01.31"]
[SourceQuality "1"]

1. e4 e5 2. Nf3 Nc6 3. d4 exd4 4. Nxd4 Bc5 5. Nb3 Bb6 6. Nc3 Nge7 7. Nd5 Nxd5 8. exd5 Ne5 9. d6 O-O 10. Be2 cxd6 11. O-O d5 12. Qxd5 d6 13. Bf4 Re8 14. Bg3 a5 15. Rad1 a4 16. Nd4 Ra5 17. Nb5 Bd7 18. c4 Bc5 19. Nxd6 Bxf2+ 20. Rxf2 Rxd5 21. Rxd5 Ng4 22. Nxe8 Nxf2 23. Nd6 Nh3+ 24. gxh3 Qb6+ 25. Bf2 Qxb2 26. Bh5 Qc1+ 27. Rd1 Qg5+ 28. Bg4 h5 29. Nxf7 Kxf7 30. Rxd7+ Ke8 31. Rd5 Qc1+ 32. Bd1 Qxc4 33. Bxh5+ Ke7 34. Re5+ Kf6 35. Re2 b5 36. Bg4 b4 37. Bg3 Qd4+ 38. Kg2 b3 39. axb3 axb3 40. Bh4+ g5 41. Bf2 Qc3 42. Re6+ Kf7 43. Re3 Qc6+ 44. Bf3 Qb5 45. Bh5+ Kf6 46. Be2 Qb7+ 47. Bf3 Qb4 48. Re4 Qd2 49. Re2 Qb4 50. Be1 Qc4 51. Ba5 Qd4 52. Rd2 Qc5 53. Bd8+ Kg7 54. Rd7+ Kf8 55. Be7+ Qxe7 56. Rxe7 Kxe7 57. Be4 b2 58. Bb1 Kf8 59. Kg3 Kg8 60. Kg4 Kh8 61. Kh5 Kg7 62. Ba2 b1=Q 63. Bxb1 Kh8 64. Kg6 Kg8 65. Bf5 Kh8 66. Kf6 Kg8 67. Ke7 Kh8 68. Bg6 Kg7 69. Ke8 Kxg6 70. Kf8 Kh5 71. Kg7 Kh4 72. Kg6 Kxh3 73. Kxg5 Kxh2 1/2-1/2

[Event "Sant Boi de Llobregat op 4th"]
[Site "Sant Boi de Llobregat"]
[Date "2023.12.07"]
[Round "8"]
[White "Lucas, Arthur"]
[Black "Golubka, Petro"]
[Result "1-0"]
[WhiteElo "2311"]
[BlackElo "2440"]
[WhiteFideId "-1"]
[BlackFideId "-1"]
[PlyCount "71"]
[GameId "1989164508274688"]
[EventDate "2023.11.30"]
[EventType "swiss"]
[EventRounds "9"]
[EventCountry "ESP"]
[SourceTitle "CBM 217 Extra"]
[Source "ChessBase"]
[SourceDate "2024.01.31"]
[SourceVersion "1"]
[SourceVersionDate "2024.01.31"]
[SourceQuality "1"]

1. e4 c5 2. d4 cxd4 3. Qxd4 Nc6 4. Qd3 e6 5. Nc3 Nf6 6. Bf4 e5 7. Bg5 Bb4 8. Nge2 h6 9. Bxf6 Qxf6 10. f3 O-O 11. O-O-O d6 12. Nd5 Qg5+ 13. Kb1 Bc5 14. h4 Qd8 15. g4 Be6 16. Ng3 Nb4 17. Qd2 Nxd5 18. exd5 Bd7 19. Bd3 Qb6 20. g5 Be3 21. Qg2 Kh8 22. Nh5 Rac8 23. Rh2 a5 24. f4 Bd4 25. c4 exf4 26. gxh6 g6 27. Nxf4 Bf5 28. Bxf5 gxf5 29. Qc2 a4 30. Qxf5 a3 31. b3 Rce8 32. Rg2 Be5 33. Rg7 Bxg7 34. hxg7+ Kxg7 35. Nh5+ Kh8 36. Qf6+ 1-0

[Event "Gmund am Tegernsee OIBM op"]
[Site "Gmund am Tegernsee GER"]
[Date "2023.11.05"]
[Round "9.1"]
[White "Golubka, Petro"]
[Black "Lagarde, Maxime"]
[Result "0-1"]
[WhiteElo "2434"]
[BlackElo "2626"]
[WhiteFideId "-1"]
[BlackFideId "-1"]
[PlyCount "142"]
[GameId "2130307551907145"]
[EventDate "2023.10.28"]
[EventType "swiss"]
[EventRounds "9"]
[EventCountry "GER"]
[SourceTitle "10 Days #740"]
[Source "ChessMix"]
[SourceDate "2023.11.10"]
[SourceVersion "1"]
[SourceVersionDate "2023.11.10"]
[SourceQuality "1"]

1. e4 e6 2. d4 d5 3. exd5 exd5 4. Nf3 Nc6 5. Nc3 Bb4 6. Bb5 Nge7 7. h3 a6 8. Bd3 f6 9. Bd2 Bd6 10. Ne2 Nb4 11. Bxb4 Bxb4+ 12. c3 Bd6 13. Qc2 Kf7 14. h4 Qd7 15. h5 Qg4 16. Kf1 Bf5 17. Bxf5 Qxf5 18. Qxf5 Nxf5 19. Re1 g5 20. hxg6+ hxg6 21. Rxh8 Rxh8 22. g3 g5 23. Kg2 Re8 24. Kf1 a5 25. a4 b6 26. Nc1 Rh8 27. Kg2 c5 28. Nb3 Rb8 29. Ra1 Ke6 30. Nfd2 cxd4 31. Re1+ Kd7 32. c4 Bb4 33. cxd5 b5 34. Ra1 Kd6 35. Ne4+ Kxd5 36. Nxf6+ Kc4 37. Nc5 Bxc5 38. Rc1+ Kb4 39. Nd5+ Kxa4 40. Rxc5 Kb3 41. Nc7 Nd6 42. Rd5 Rb6 43. Rxd4 Kxb2 44. Nd5 Ra6 45. f4 gxf4 46. g4 a4 47. Nb4 Kc3 48. Rxf4 Ra7 49. Nd5+ Kc2 50. Rf6 Nc4 51. Rf2+ Kd3 52. Nb4+ Kc3 53. Na2+ Kd4 54. Rf4+ Ke3 55. Rf3+ Kd2 56. Rf2+ Kd3 57. Nb4+ Ke4 58. Kg3 a3 59. Rf4+ Ke3 60. Rf5 Nd6 61. Rf3+ Ke2 62. Rf2+ Kd1 63. Ra2 Ne4+ 64. Kf3 Nc3 65. Ra1+ Kd2 66. g5 a2 67. Nxa2 Nxa2 68. g6 b4 69. Kf4 b3 70. Rg1 b2 71. Kg5 Nc1 0-1

[Event "Killer Training op"]
[Site "Copenhagen DEN"]
[Date "2023.10.14"]
[Round "1.7"]
[White "Golubka, Petro"]
[Black "Lauritsen, Martin Lee"]
[Result "1-0"]
[WhiteElo "2434"]
[BlackElo "2088"]
[WhiteFideId "-1"]
[BlackFideId "-1"]
[PlyCount "97"]
[GameId "2130307552808747"]
[EventDate "2023.10.14"]
[EventType "swiss"]
[EventRounds "9"]
[EventCountry "DEN"]
[SourceTitle "10 Days #739"]
[Source "ChessMix"]
[SourceDate "2023.11.01"]
[SourceVersion "1"]
[SourceVersionDate "2023.11.01"]
[SourceQuality "1"]

1. e4 c5 2. Nf3 e6 3. d4 cxd4 4. Nxd4 a6 5. c4 Qc7 6. Nc3 Nc6 7. Be3 Nf6 8. Rc1 Be7 9. Be2 O-O 10. O-O b6 11. Nd5 exd5 12. cxd5 Nxe4 13. dxc6 d5 14. Qb3 Rd8 15. Rfd1 b5 16. g3 Bg5 17. Bf3 Bxe3 18. Qxe3 Nf6 19. Re1 Kf8 20. Qa3+ Kg8 21. Nxb5 Qb6 22. Nc3 Be6 23. c7 Rdc8 24. Na4 Qa5 25. b4 Qb5 26. Rc5 Qb7 27. Qc3 Ra7 28. Rc1 Ne8 29. a3 Rxc7 30. Qe3 Rxc5 31. Nxc5 Qe7 32. Nxe6 fxe6 33. Rc6 Kf7 34. Rxe6 Qxe6 35. Qxa7+ Kg6 36. Qd4 Nf6 37. Kg2 Kf7 38. a4 g5 39. b5 axb5 40. axb5 g4 41. Bd1 h5 42. b6 Qc6 43. Ba4 Qa8 44. Bb5 Ke6 45. Qc5 Ne4 46. Qc7 Qa3 47. Bd7+ Kf6 48. Qf4+ Ke7 49. b7 1-0

[Event "Killer Training op"]
[Site "Copenhagen DEN"]
[Date "2023.10.15"]
[Round "2.6"]
[White "Nordenbaek, Jan"]
[Black "Golubka, Petro"]
[Result "0-1"]
[WhiteElo "2156"]
[BlackElo "2434"]
[WhiteFideId "-1"]
[BlackFideId "-1"]
[PlyCount "50"]
[GameId "2130307552808758"]
[EventDate "2023.10.14"]
[EventType "swiss"]
[EventRounds "9"]
[EventCountry "DEN"]
[SourceTitle "10 Days #739"]
[Source "ChessMix"]
[SourceDate "2023.11.01"]
[SourceVersion "1"]
[SourceVersionDate "2023.11.01"]
[SourceQuality "1"]

1. e4 c5 2. Nf3 d6 3. d4 cxd4 4. Nxd4 Nf6 5. Nc3 Nc6 6. Bg5 e6 7. Qd2 a6 8. O-O-O h6 9. Bf4 Bd7 10. Nxc6 Bxc6 11. f3 Qa5 12. Bc4 Rd8 13. Rhe1 Be7 14. Kb1 b5 15. Bb3 Qb6 16. Be3 Qc7 17. Qf2 Qb8 18. Qg3 a5 19. a4 bxa4 20. Nxa4 Kf8 21. e5 dxe5 22. Rxd8+ Bxd8 23. Bc5+ Kg8 24. Qxe5 Qxe5 25. Rxe5 Nd7 0-1

[Event "Killer Training op"]
[Site "Copenhagen DEN"]
[Date "2023.10.17"]
[Round "4.8"]
[White "Golubka, Petro"]
[Black "Cherniack, Alex"]
[Result "1/2-1/2"]
[WhiteElo "2434"]
[BlackElo "2173"]
[WhiteFideId "-1"]
[BlackFideId "-1"]
[PlyCount "114"]
[GameId "2130307552812879"]
[EventDate "2023.10.14"]
[EventType "swiss"]
[EventRounds "9"]
[EventCountry "DEN"]
[SourceTitle "10 Days #739"]
[Source "ChessMix"]
[SourceDate "2023.11.01"]
[SourceVersion "1"]
[SourceVersionDate "2023.11.01"]
[SourceQuality "1"]

1. e4 e5 2. Nf3 Nc6 3. d4 exd4 4. Nxd4 Nf6 5. Nxc6 bxc6 6. e5 Qe7 7. Qe2 Nd5 8. h4 d6 9. c4 Nb6 10. exd6 cxd6 11. Nc3 Qxe2+ 12. Bxe2 Be6 13. b3 d5 14. cxd5 Nxd5 15. Bd2 Be7 16. Bf3 O-O 17. Nxd5 cxd5 18. h5 h6 19. O-O Rfc8 20. Be3 Bf6 21. Rac1 a5 22. Rxc8+ Rxc8 23. Rd1 Rc2 24. Rd2 Rc1+ 25. Kh2 Ra1 26. a4 d4 27. Bxd4 Bxd4 28. Rxd4 Bxb3 29. Rd8+ Kh7 30. Be4+ g6 31. hxg6+ fxg6 32. Rd7+ Kg8 33. Rd6 Rxa4 34. f3 g5 35. Rg6+ Kf7 36. Rxh6 g4 37. Ra6 gxf3 38. gxf3 Ra1 39. Rb6 a4 40. Rxb3 axb3 41. Bd5+ Kf6 42. Bxb3 Ke5 43. Kg3 Rg1+ 44. Kf2 Rb1 45. Bc4 Kf4 46. Bd5 Rb2+ 47. Kf1 Ke3 48. Be4 Ra2 49. Bd5 Rf2+ 50. Kg1 Rd2 51. Be4 Rd1+ 52. Kg2 Kf4 53. Kf2 Rd2+ 54. Kf1 Ke3 55. Kg1 Rf2 56. Bd5 Rxf3 57. Bxf3 Kxf3 1/2-1/2

[Event "Killer Training op"]
[Site "Copenhagen DEN"]
[Date "2023.10.18"]
[Round "5.5"]
[White "Praczukowski, Stanislaw"]
[Black "Golubka, Petro"]
[Result "0-1"]
[WhiteElo "2146"]
[BlackElo "2434"]
[WhiteFideId "-1"]
[BlackFideId "-1"]
[PlyCount "66"]
[GameId "2130307552812888"]
[EventDate "2023.10.14"]
[EventType "swiss"]
[EventRounds "9"]
[EventCountry "DEN"]
[SourceTitle "10 Days #739"]
[Source "ChessMix"]
[SourceDate "2023.11.01"]
[SourceVersion "1"]
[SourceVersionDate "2023.11.01"]
[SourceQuality "1"]

1. c4 g6 2. g3 Bg7 3. Bg2 d6 4. d4 Nf6 5. Nf3 O-O 6. O-O c5 7. d5 e6 8. Nc3 exd5 9. cxd5 Re8 10. Nd2 a6 11. a4 Nbd7 12. h3 Rb8 13. Nc4 Ne5 14. Na3 Nh5 15. Kh2 f5 16. f4 Nf7 17. Nc4 Bd7 18. a5 Bb5 19. Nxb5 axb5 20. Nb6 Re7 21. Qd3 c4 22. Qc2 Nf6 23. Bf3 Ne4 24. Bd2 Bd4 25. Bc3 Bxb6 26. axb6 Qxb6 27. Bb4 Rbe8 28. Ra3 h5 29. Ra5 Kh7 30. b3 c3 31. Qd3 Nd2 32. Rg1 Nxf3+ 33. exf3 c2 0-1